V oblacích

Saved in:
Bibliographic Details
Main Author Hannah, Grace
Format Electronic eBook
LanguageCzech
Published Ikar 2025
Edition1. elektronické vydání
Subjects
Online AccessDostupné v BOOKPORT po přihlášení pomocí eduID
ISBN978-80-249-5680-0
978-80-249-5679-4
Physical Description1 online zdroj (408 stran)

Cover

LEADER 00000nam a2200000 i 4500
001 bkp735010877
003 CZ-prgp
005 20260505113721.0
006 m o d
007 cr cn
008 260505s2025 xr o 000 1 cze
020 |a 978-80-249-5680-0  |c 319 Kč  |q (online ; epub) 
020 |a 978-80-249-5679-4  |c 319 Kč  |q (print) 
040 |a Grada  |b cze  |e rda 
100 1 |a Hannah, Grace 
245 1 0 |a V oblacích  |c Grace Hannah 
250 |a 1. elektronické vydání 
264 1 |b Ikar  |c 2025 
300 |a 1 online zdroj (408 stran) 
336 |a text  |b txt  |2 rdacontent 
337 |a počítač  |b c  |2 rdamedia 
338 |a online zdroj  |b cr  |2 rdacarrier 
520 3 |a Chronický prokrastinátor Henry Turner vždycky věděl, že třeťák na univerzitě nebude procházka růžovým sadem. A bylo mu to jasné ještě dřív, než přijal post kapitána maplehillských Titánů. Jenže to ještě netušil, že se bude muset taky vypořádat s děsně těžkým předmětem, navíc vedeným učitelem, který je jeho největší noční můrou. Ale pak se náhodou připlete do knižního klubu Halle Jacobsové a svitne mu naděje. Tihle dva se spolu domluví na vzájemné výpomoci. Ona ho doučí, co je potřeba, on jí pomůže s tvůrčím blokem. Halle totiž mimo jiné píše román... a ne jen tak ledajaký. Halle a Henry by se měli držet pravidel, která si stanovili. Ovšem odolat všemu tomu jiskření mezi nimi bude opravdu těžké. 
650 0 4 |a Romantika, romány pro ženy 
856 4 0 |u https://www.bookport.cz/AccountSaml/SignIn/?idp=https://shibboleth.utb.cz/idp/shibboleth&returnUrl=/kniha/v-oblacich-16034/  |y Dostupné v BOOKPORT po přihlášení pomocí eduID